00645 a2200193 4500003000400000005001700004008004100021020001500062040000900077082002100086100002200107245005200129250001200181260004900193300000900242942004800251952013500299999001700434OSt20240130113813.0240130b |||||||| |||| 00| 0 eng d a817204982X coclc a509.17671bHUS/S aHusain, N M93247 aSrishtivadavum Parinamavadikalum /cN.M. Husain a2nd ed. aKozhikode:bIslamic Publishing House,c2004. a88p. 2ddccBKh509.17671iHUS/Sk509.17671mHUS/S 00102ddc40708SCIENCEaMESbMEScISLd2024-01-30l0o509.17671 HUS/Sp45029r2024-01-30 11:38:44v25.00w2024-01-30yBKzGL47R2 c43367d43367